Giải tích hiện đại Dùng cho các lớp toán Đại học tổng hợp và Đại học sư phạm T.3

Guardat en:
Dades bibliogràfiques
Autor principal: Hoàng Tụy
Format: Llibre
Publicat: TP HCM Giáo dục 1978
Edició:In lần 3
Matèries:
Etiquetes: Afegir etiqueta
Sense etiquetes, Sigues el primer a etiquetar aquest registre!
Thư viện lưu trữ: Trung tâm Học liệu Lê Vũ Hùng, Trường Đại học Đồng Tháp
LEADER 01256pam a22002778a 4500
001 00020997
005 20171026081025.0
008 110521s1978 ||||||Viesd
041 0 # |a Vie 
082 1 # |b GI103T  |a 515 
100 0 # |a Hoàng Tụy 
245 0 0 |a Giải tích hiện đại  |b Dùng cho các lớp toán Đại học tổng hợp và Đại học sư phạm  |c Hoàng Tụy  |n T.3 
250 # # |a In lần 3  |b Chỉnh lý bổ sung 
260 # # |a TP HCM  |b Giáo dục  |c 1978 
300 # # |a 190 tr.  |c 21 cm. 
500 # # |a Bộ giáo dục - Cục đào tạo bồi dưỡng 
650 # 7 |2 Giáo trình  |a Tập hợp 
653 # # |a Giáo trình 
653 # # |a Tích phân 
852 # # |b Kho giáo trình  |j KGT.0003738, KGT.0003739, KGT.0003740, KGT.0003741, KGT.0003742, KGT.0003743, KGT.0003744, KGT.0003745, KGT.0003746, KGT.0003747 
852 # # |b Kho mượn  |j KGT.0003738 
852 # # |b Kho đọc  |j KD.0006713 
852 # # |j KGT.0003738  |j KGT.0003740  |j KGT.0003741  |j KGT.0003743  |j KGT.0003744  |j KGT.0003746  |j KGT.0003747  |j KD.0006713  |j KGT.0003739  |j KGT.0003742  |j KGT.0003745  |j KGT.0058521 
910 # # |a Hoa Lê  |d 21/05/2011 
980 # # |a Trung tâm Học liệu Lê Vũ Hùng, Trường Đại học Đồng Tháp